00755nam a2200241 a 4500001001300000003000900013005001700022008004100039020001000080082001300090100002500103245007600128260002800204300000900232500003500241505002400276650004000300700002500340902000800365942000700373952011600380999001700496nice12345678IN_TiNIC20260116015107.0050524s2004 laha grp 000 0 eng  ac10000a291bGHA aGhawri, Abdus Sattar aOnly Son Offered for Sacrifice, Isaac Or Ishmael With Zamzam, Al-Marwah aLahorebAl-Mawridc2004 a310p aincludes index and biblioraphy2 aIndex, Bibliography aComparative Religion-Islam & Christ1 aGhawri, Abdus Sattar bSRS cBK 001040708StackRoom-aHMIbHMId2007-08-30g100.00l0o291 GHAp11001562r2007-08-30v100.00w2005-05-24yBK c18289d18289